| 000 | 01341nam a2200313 i 4500 | ||
|---|---|---|---|
| 001 | 000038222 | ||
| 003 | DO-SdBNP | ||
| 005 | 20240910080257.0 | ||
| 007 | ta | ||
| 008 | 130404s1998 dr c 000 0 spa d | ||
| 040 |
_aDO-SdBNP _bspa _cBNPHU _erda |
||
| 082 | 4 |
_a364.1323 _bC748L _222 |
|
| 111 | 1 |
_aConferencia Nacional hacia un Plan Estratégico de Prevención de la Corrupción _n(1997: _cSanto Domingo) _964586 |
|
| 245 | 1 | 3 |
_aLa lucha contra la corrupción en la República Dominicana / _cPrólogo, Luis Moreno Ocampo. |
| 264 |
_aSanto Domingo : _bEditora Procuradoria General de la República, _c1998. |
||
| 300 |
_a190 páginas : _bretratos ; |
||
| 336 |
_atexto _btxt _2rdacontent |
||
| 337 |
_asin mediación _bn _2rdamedia |
||
| 338 |
_avolumen _bn _2rdacarrier |
||
| 500 | _aIncluye referencias bibliográficas y notas al pie de las páginas | ||
| 590 | _aInventariado, 2019/MFF | ||
| 650 | 4 |
_aCorrupción política _zRepública Dominicana _vcongresos, conferencias, etc. _914615 |
|
| 650 | 4 |
_aCorrupción administrativa _vcongresos, conferencias, etc. _914616 |
|
| 650 | 4 |
_aÉtica política _vcongresos, conferencias, etc. _914617 |
|
| 700 | 1 |
_aMoreno Ocampo, Luis, _eprólogista _964587 _4pról. |
|
| 710 | 1 |
_aRepública Dominicana. Procuradoria General _964588 |
|
| 910 | _aValiado. Control de calidad MFF | ||
| 942 |
_2ddc _cLBS1 |
||
| 999 |
_c37712 _d37712 |
||